00265nam a2200121Ia 45000030006000000080041000060400015000471000024000622450019000862600009001055460012001140050017001260STCL150530s9999 xx 000 0 und d aSTCLcSTCL aHawthorne Nathaniel aScarlet Letter c1850 aEnglish20220125171350.0